000 00461nam a2200169Ia 4500
003 LDD
008 190117s9999 xx 000 0 und d
020 _a8170551927
_c₹55
040 _cLDD
041 _ahi
082 _a8H3.7 ना1601ब
100 _aनागार्जुन
245 0 _aबलचनामा
_cनागार्जुन
260 _aनई दिल्ली
_bवाणी
_c1989
300 _a172प्र.
942 _2ddc
_cH
999 _c162272
_d162272